| 000 | nam a22 7a 4500 | ||
|---|---|---|---|
| 999 |
_c3781 _d3781 |
||
| 005 | 20170524084253.0 | ||
| 008 | 170524b1978 ny ||||| |||| 00| 0 eng d | ||
| 020 | _a0471017663 | ||
| 040 | _aAKMAL | ||
| 082 | _a808.04275 KIR | ||
| 090 |
_a808.04275 _bKIR |
||
| 100 | 1 |
_aKirby, Lee, _d1940- _97479 |
|
| 245 | 1 | 0 |
_aFrom writers to writing : _ba college reading and writing workbook / _cLee Kirby, John Scarry. |
| 260 |
_aNew York : _b Wiley, _cc1978 |
||
| 300 | _ccm | ||
| 500 | _aIncludes index. | ||
| 650 | 0 |
_aEnglish language _vProblems, exercises, etc. _xRhetoric _97480 |
|
| 650 | 0 |
_aEnglish language _vProblems, exercises, etc. _xGrammar _97481 |
|
| 650 | 0 |
_aCollege readers. _91469 |
|
| 650 | 0 |
_aReport writing _xProblems, exercises, etc. _97455 |
|
| 700 | 1 |
_aScarry, John _c (Professor) _e joint author _97482 |
|
| 942 |
_2ddc _cBOOK |
||